000 00391nam a2200145Ia 4500
008 230312s9999||||xx |||||||||||||| ||und||
020 _a9781305580985
082 _a302.23
_bBIA-M
100 _aRashid,Imran
245 0 _aOffline : free your mind from Smartphone and social media stress
260 _bCengage
_aUSA
_c2017
300 _a404
650 _aMass media
_vMass Media
942 _cBK
999 _c17610
_d17610